Responses for Show #4912 - Tuesday, January 10, 2006

Tom Kavanaugh game 9.
Kevin Marshall game 1.

Contestants

[<< previous game]

Kevin Marshall, a student from Metairie, Louisiana

Constance Swinger, a supervising deputy probation officer from Los Angeles, California

Tom Kavanaugh, a writer from St. Louis, Missouri (whose 8-day cash winnings total $142,602)

[next game >>]

Jeopardy! Round responses

18th CENTURY AMERICAN QUOTES
"GOOD" & "BAD" SONGS
NAME THAT MAJOR NEWSPAPER
A STATE OF DELAWARE-NESS
THE BIG ORANGE CATEGORY
WORD ORIGINS
    $200 6
the Bible

Tom
    $200 1
(Tom: What is "Bad Leroy Brown"? [*]?)
(Alex: That's it. "Bad, Bad"--two "Bad"s.)

"Bad, Bad Leroy Brown"

Tom
    $200 11
Times

Kevin
    $200 14
(Alex: Good thing you got that!)

Rhode Island

Kevin
    $200 26
the Super Bowl

Kevin
    $200 21
sesame seeds

Tom
    $400 7
(Kevin: Who is Nelson?)

John Paul Jones

TomKevin
    $400 2
"Hello, Goodbye"

Tom
    $400 12
Post

Constance
    $400 15
Dover

Tom
    $400 27
a carrot

Kevin
    $400 22
tally-ho

Kevin
    $600 8
Alexander Hamilton

Tom
    $600 3
"The Good, The Bad And The Ugly"

Triple Stumper
    $600 13
News

Tom
    $600 16
Methodism

Kevin
    $600 28
ING

Triple Stumper
    $600 23
pleat

Constance
    $2,200 9
(Tom: I--I have no idea.)

Thomas Paine

Tom
    $800 4
(Alex: Adam Ant.)

"Goody Two Shoes"

Triple Stumper
    $800 19
Tribune

Kevin
    $800 17
(William) Roth

Kevin
    $800 29
Edison

Kevin
    $800 24
nautilus

Constance
    $1000 10
Thomas Jefferson

Constance
    $1000 5
(Tom: What is "Baby Did A Bad Thing"? "A Bad Bad Thing"? [Laughs])
(Alex: Yes... it's always two "Bad"s. Remember that. On Jeopardy!, one "Bad" is never good enough. We need two. Go.)

"Baby Did A Bad Bad Thing"

Tom
    $1000 20
Herald

Tom
    $1000 18
Hudson

Kevin
    $1000 30
tea

Tom
    $1000 25
a skirmish

Kevin

Scores at the first commercial break (after clue 13):

Tom Constance Kevin
$1,200 $1,400 -$200

Scores at the end of the Jeopardy! Round:

Tom Constance Kevin
$3,800 $2,800 $6,000

Double Jeopardy! Round responses

SOVIET MAN
PIC-POURRI
WOMEN POETS
(Alex: And now we've got a theme coming up...)
NASCAR
FORMULA 1
"GRAND" PRIX
    $400 2
Sergei Eisenstein

Triple Stumper
    $400 17
York

Kevin
    $400 1
Sylvia Plath

Tom
    $400 22
stock car

Kevin
    $400 12
H2O

Kevin
    $400 7
the Grand Canyon

Kevin
    $800 3
Berlin

Constance
    $800 18
emeralds

Kevin
    $800 27
Emily Dickinson

Kevin
    $800 23
the Daytona 500

Constance
    $800 13
salt

Kevin
    $800 8
grandmother

Tom
    $1200 4
(Kevin: Who is Tchaikovsky?)
(Tom: Who is Stravinsky?)
...
[Alex gave control to Tom instead of Constance.]

Prokofiev

TomKevin
Triple Stumper
    $1200 19
Audubon

Tom
    $1200 29
Amy Lowell

Tom
    $1200 24
a green flag

Kevin
    $1200 14
lactose

Kevin
    $1200 9
Grand Old Party

Tom
    $1600 5
(Constance: What is eugenics?)

genetics

TomConstance
    $1600 20
marbles

Tom
    $5,201 30
(Tom: Who is... I--I don't know.)
(Alex: You can probably think of only one woman poet--[*].)

Elizabeth Barrett Browning

Tom
    $1600 25
a restrictor plate

Kevin
    $1600 15
calcium carbonate

Tom
    $1600 10
(Tom: What is the Grand Bank?)
(Kevin: What are the Grand Banks?)

the Grand Canal (in Venice)

TomKevin
Triple Stumper
    $2000 6
Lavrentiy Beria

Triple Stumper
    $2000 21
theta

Kevin
    $2000 28
Edna St. Vincent Millay

Triple Stumper
    $2000 26
Joe Gibbs

Kevin
    $1,400 16
CH4

Tom
    $2000 11
grandmaster

Kevin

Scores at the end of the Double Jeopardy! Round:

Tom Constance Kevin
$6,799 $2,800 $17,200
(lock game)

[wagering suggestions for these scores]

Final Jeopardy! Round responses

THE U.S. MILITARY
(Alex: So we come to Kevin Marshall, $17,200, and he's shaking his head, because he wrote down "What is Guantanimo Bay"... and we asked, "in this country." So even though you're on the right track, you are wrong.)
ConstanceWhat is Cuba
$2,000
TomWhat is Cuba
$6,798
KevinWhat is Gum Guantanimo Bay
$2,800
Cuba

Final scores:

Tom Constance Kevin
$13,597 $4,800 $14,400
2nd place: $2,000 3rd place: $1,000 New champion: $14,400

Game dynamics:

Coryat scores:

Tom Constance Kevin
$14,800 $2,800 $17,200
20 R
(including 1 DD),
4 W
(including 2 DDs)
6 R,
1 W
24 R,
3 W

Combined Coryat: $34,800

[game clues] [game scores] [suggest correction]

Game tape date: 2005-10-26
The J! Archive is created by fans, for fans. Scraping, republication, monetization, and malicious use prohibited; this site may use cookies and collect identifying information. See terms. The Jeopardy! game show and all elements thereof, including but not limited to copyright and trademark thereto, are the property of Jeopardy Productions, Inc. and are protected under law. This website is not affiliated with, sponsored by, or operated by Jeopardy Productions, Inc. Join the discussion at JBoard.tv.